Statystyki dla 50 osób, które zmieniły bieg historii

Kliknij tutaj aby rozwiązać quiz!

Ogólne statystyki

  • Ten quiz został rozwiązany 2 819 razy
    (2 122 od ostatniego zresetowania)
  • Średni wynik to 35 z 50

Statystyki odpowiedzi

PodpowiedźOdpowiedź% Poprawnych
Odkrył prawo ciążenia i sformułował 3 zasady dynamikiIsaac Newton
94%
Przewodniczący i współzałożyciel NSZZ "Solidarność"Lech Wałęsa
93%
Prezydent Federacji Rosyjskiej, zaatakował Ukrainę 24 lutego 2022r.Władimir Putin
89%
Kanclerz III Rzeszy podczas II wojny światowejAdolf Hitler
88%
Przywódca ZSRR podczas II wojny światowejJózef Stalin
88%
Odkrył Amerykę 12 października 1492r.Krzysztof Kolumb
86%
Papież PolakJan Paweł II
85%
Odkryła dwa nowe pierwiastki - polon i radMaria Skłodowska-Curie
85%
Twórca drukuJan Gutenberg
84%
Twórca teorii ewolucjiKarol Darwin
83%
Słynny włoski malarz, m.in autor słynnego dzieła "Mona Lisa"Leonardo da Vinci
83%
Udowodnił prawdziwość teorii heliocentrycznej 1534r.Mikołaj Kopernik
83%
Królowa Zjednoczonego Królestwa Wielkiej Brytanii i Irlandii
Północnej, koronowana 2 czerwca 1953r.
Elżbieta II
82%
Współzałożyciel i lider partii bolszewickiej, a także twórca idei leninizmuWładimir Lenin
82%
Polski jeden z najwybitniejszych kompozytorów epoki romantyzmuFryderyk Chopin
80%
Jeden z najsłynniejszych francuskich dowódców w Europie XIXw.Napoleon Bonaparte
78%
Angielski poeta, napisał m.in "Romeo i Julię" czy "Hamleta"William Shakespeare
78%
Król Macedonii i jeden z najwybitniejszych zdobywców w historii świataAleksander Wielki
77%
Słynny rzymski dyktator, który opracował kalendarz juliańskiJuliusz Cezar
77%
Pierwszy człowiek na księżycuNeil Armstrong
77%
Pierwszy człowiek w przestrzeni kosmicznejJurij Gagarin
76%
Założył religię chrześcijańskąJezus Chrystus
75%
Wynalazł dynamitAlfred Nobel
74%
Premier Wielkiej Brytanii podczas II wojny światowejWinston Churchill
74%
Rozpoczął pierwszą w historii wyprawę dookoła świataFerdynand Magellan
72%
Założyciel religii islamskiejMahomet
72%
Słynny włoski malarz, namalował m.in obraz "Stworzenie Adama"Michał Anioł
72%
Austriacki wirtuoz gry na instrumentach klawiszowych, którego utwory do
tej pory są znane na całym świecie
Wolfgang Mozart
72%
Najstarszy europejski poeta, napisał m.in "Odyseję"Homer
71%
Założyciel Facebook'aMark Zuckerberg
70%
Chiński dyktator i twórca ideologii maoizmuMao Zedong
69%
Uważany za rockową legendę wszechczasów, należał do zespołu QueenFreddie Mercury
68%
Twórca bomby atomowejRobert Oppenheimer
68%
Twórca teorii względnościAlbert Einstein
67%
Pierwszy prezydent Stanów ZjednoczonychGeorge Washington
67%
Jako pierwszy opatentował telefonAlexander Bell
64%
Wynalazca kostki rubika oraz innych układanek mechanicznychErno Rubik
64%
Chan Mongołów i założyciel imperium mongolskiegoCzyngis-chan
63%
Twórca pierwszej skutecznej żarówki elektrycznejThomas Edison
62%
Hiszpański malarz, jeden z najwybitniejszych XXw., stworzył nowy styl
w sztuce - kubizm
Pablo Picasso
61%
Prezydent Stanów Zjednoczonych, który pełnił ten urząd więcej niż dwie
kadencje oraz członek obu wielkich trójek podczas II wojny światowej
Franklin Delano Roosevelt
60%
Amerykański pastor baptystyczny, który stał na czele ruchu praw
obywatelskich Afroamerykanów
Martin Luther King
56%
Francuska bohaterka narodowa znana również jako Dziewica OrleańskaJoanna d'Arc
50%
Pierwsza kobieta premier Wielkiej Brytanii zwana też "Żelazną Damą"Margaret Thatcher
50%
Słynny brytyjski kosmolog i astrofizyk, który prowadził badania nad
czarnymi dziurami
Stephen Hawking
46%
Wynalazca maszyny parowejJames Watt
38%
Założyciel pierwszego europejskiego imperium od czasu upadku
cesarstwa zachodniorzymskiego
Karol Wielki
37%
Twórca pierwszego pojazdu spalinowegoCarl Benz
34%
Odkrył prądAlessandro Volta
26%
Twórca pierwszej gry komputerowej na świecie "Spacewar!"Steve Russell
7%

Rozkład punktacji

Percentyl według liczby udzielonych odpowiedzi

Procent ludzi z każdym wynikiem

Twoja historia wyników

Nie rozwiązałeś tego quizu od ostatniego zresetowania